00424nam a2200121Ia 4500001000800000005001700008008004100025020001800066245008700084260002200171999002100193952008800214127411620260417160401.0260417s9999 xx 000 0 und d a9786258317640 0aHz. Peygamber ve Varlıklılar - Tüm İnsanların Peygamberi 5cYılmaz Çelik bBeyan Yayınları c1274116d1274116 00104070a1108b1108d2026-04-17l0p1108380r2026-04-17 16:04:01w2026-04-17yBK